Analýza súčasného stavu odkalanizovania mesta Nový Sad

Čistenie odpadových vôd v Srbsku. Charakteristika územia - Nový Sad. História výstavby stokovej siete. Súčasný stav odkalanizovania mesta Nový Sad a prímestských osád.

Gespeichert in:
Bibliographische Detailangaben
1. Verfasser: Marko, Ivana
Weitere Verfasser: Hrudka, Jaroslav, Stanko, Štefan
Format: Buchkapitel
Sprache:Slowakisch
Schlagworte:
Tags: Tag hinzufügen
Keine Tags, Fügen Sie das erste Tag hinzu!

MARC

LEADER 00000naa a2200000 4500
001 0258789
005 20200206095147.4
041 0 |a slo 
044 |a SK 
245 1 0 |a Analýza súčasného stavu odkalanizovania mesta Nový Sad  |c Ivana Marko, Jaroslav Hrudka, Štefan Stanko 
520 |a Čistenie odpadových vôd v Srbsku. Charakteristika územia - Nový Sad. História výstavby stokovej siete. Súčasný stav odkalanizovania mesta Nový Sad a prímestských osád. 
610 2 0 |a voda odpadová 
610 2 0 |a čistota vôd 
610 2 0 |a čistiarne vôd odpadových 
610 2 0 |a kanalizácia 
610 2 0 |a rieky 
610 2 0 |a mestá 
610 2 0 |a smernice 
610 2 0 |a Srbsko 
100 1 |a Marko, Ivana 
700 1 |a Hrudka, Jaroslav 
700 1 |a Stanko, Štefan